书目信息 |
| 题名: |
水处理药剂及配方手册
|
|
| 作者: | 严莲荷 主编 | |
| 分册: | ||
| 出版信息: | 北京 中国石化出版社 2004 |
|
| 页数: | 602页 | |
| 开本: | 26cm | |
| 丛书名: | ||
| 单 册: | ||
| 中图分类: | TU991.2 | |
| 科图分类: | ||
| 主题词: | 水处理料剂--配方 | |
| 电子资源: | ||
| ISBN: | 7-80164-468-9 | |
| 000 | 00822nam0 2200217 45 | |
| 001 | 002613468 | |
| 005 | 20050331090857.8 | |
| 010 | @a7-80164-468-9@dCNY85.00 | |
| 100 | @a20040323d2004 em y0chiy0110 ea | |
| 101 | 0 | @achi |
| 102 | @aCN@b110000 | |
| 105 | @ay z 000yy | |
| 200 | 1 | @a水处理药剂及配方手册@Ashui chu li yao ji ji pei fang shou ce@f严莲荷主编@FYan Lian He Zhu Bian |
| 210 | @a北京@c中国石化出版社@d2004 | |
| 215 | @a602页@d26cm | |
| 330 | @a本书介绍了絮凝剂、缓蚀剂、阻垢剂、杀生剂、清洗剂五类共200余种工业水处理药剂的名称、分子式、结构式、物化性能、合成方法、产品质量标准、检测方法,及其在工业水处理领域中的用途、作用机理、使用方法及特点和注意事项。 | |
| 606 | 0 | @a水处理料剂@x配方 |
| 690 | @aTU991.2@v4 | |
| 701 | 0 | @a严莲荷@4主编 |
| 801 | 0 | @aCN@bNLC@c20040430 |
| 905 | @f5@b346886-890@dTU991.2@e164 | |
| 水处理药剂及配方手册/严莲荷主编.-北京:中国石化出版社,2004 |
| 602页;26cm |
| ISBN 7-80164-468-9:CNY85.00 |
| 本书介绍了絮凝剂、缓蚀剂、阻垢剂、杀生剂、清洗剂五类共200余种工业水处理药剂的名称、分子式、结构式、物化性能、合成方法、产品质量标准、检测方法,及其在工业水处理领域中的用途、作用机理、使用方法及特点和注意事项。 |
| ● |
| 相关链接 |
|
|
|
|
正题名:水处理药剂及配方手册
索取号:TU991.2/164
 
预约/预借
| 序号 | 登录号 | 条形码 | 馆藏地/架位号 | 状态 | 备注 |
| 1 | 0346886 | 203468862 | 第二样本阅览室/ [索取号:TU991.2/164] | 在馆 | |
| 2 | 0346887 | 203468871 | 第三借阅区/ [索取号:TU991.2/164] | 在馆 | |
| 3 | 0346888 | 203468880 | 第三借阅区/ [索取号:TU991.2/164] | 在馆 | |
| 4 | 0346889 | 203468899 | 第三借阅区/ [索取号:TU991.2/164] | 在馆 | |
| 5 | 0346890 | 203468906 | 第三借阅区/ [索取号:TU991.2/164] | 在馆 |